[Event "KEN-ch"]
[Site "Nairobi"]
[Date "2022.12.28"]
[Round "6"]
[White "Methu, Joseph Muraga"]
[Black "Thuku, Nephat Muchiri"]
[Result "1-0"]
[WhiteElo "1945"]
[BlackElo "1681"]
[PlyCount "59"]
[EventDate "2022.12.26"]
[EventType "swiss"]
[EventRounds "9"]
[EventCountry "KEN"]
[SourceTitle "EXT 2024"]
[Source "ChessBase"]
[SourceDate "2023.10.10"]
[SourceVersion "1"]
[SourceVersionDate "2023.10.10"]
[SourceQuality "1"]

1. d4 Nf6 2. c4 e6 3. Nc3 Bb4 4. a3 Bxc3+ 5. bxc3 c5 6. e3 d6 7. Bd3 e5 8. Ne2 0-0 9. f3 e4 10. fxe4 Qe7 11. Ng3 h5 12. 0-0 h4 13. Nf5 Bxf5 14. exf5 Nc6 15. Qe1 h3 16. gxh3 Ne4 17. f6 Nxf6 18. Qh4 Rfe8 19. Rf4 Nb8 20. Bd2 Nbd7 21. Raf1 a6 22. Qg5 b5 23. Kh1 bxc4 24. Bc2 d5 25. Rh4 Nf8 26. Rg1 Ng6 27. Bxg6 fxg6 28. Qxg6 Qf7 29. Rh8+ Kxh8 30. Qxf7 1-0